| 000 | 00375cam a2200145ua 4500 | ||
|---|---|---|---|
| 041 |
_aeng _h |
||
| 082 |
_a828.09 _bMUL/CR |
||
| 100 | _aMullik, B R . | ||
| 245 |
_aCritical studies Vol.XXVIII : Stierneris Tristram Shandy / _cB R Mullik. _hTextual Documents |
||
| 260 |
_a : _bS.Chand & Co , _c1961. |
||
| 300 | _a33 ; . | ||
| 504 | _a | ||
| 942 | _cBK | ||
| 999 |
_c3364 _d3364 |
||